| 000 | 00629nam a2200253Ia 4500 | ||
|---|---|---|---|
| 003 | OSt | ||
| 005 | 20220918165324.0 | ||
| 006 | a|||||r|||| 00| 0 | ||
| 007 | ta | ||
| 008 | 220917b |||||||| |||| 00| 0 eng d | ||
| 020 | _a300011857 | ||
| 024 | _a33,587 | ||
| 037 | _cTextual | ||
| 040 |
_aARTS _cARTS _beng |
||
| 041 |
_2eng _aeng |
||
| 082 | _aO111,2J55x, L0 | ||
| 100 |
_aPeele G _923771 |
||
| 245 | 0 | _aDramatic works | |
| 260 |
_aN Haven _bYUP _c1970 |
||
| 300 |
_a445p. _ccm. |
||
| 650 | _aENGLISH LITERATURE | ||
| 942 |
_hO111,2J55x, L0 _cTEXL _2CC |
||
| 999 |
_c129289 _d129289 |
||